Terjemahan Madarij As-Salikin : tangga-tangga orang yang berjalan menuju kepada Allah

Bibliographic Details
Main Author: Al-Jawziyah, Abu Bakar bin Ayub , 1292-1350
Other Authors: Arifin Ladari, Al-Minshawi, Abdullah Abdus Sami'
Format: Book
Language:Malay
Published: Selangor : Berlian Publications , 2008
Subjects:

MARC

LEADER 00000cam a2200000 7i4500
001 0000020923
005 20090311.0
008 090304s my # may
020 |a 9789832179931(Jil.2) ,   |c RM90.00 
040 |a INS 
090 0 0 |a BP189   |b I26 2008 
100 1 |a Al-Jawziyah, Abu Bakar bin Ayub ,   |d 1292-1350 
245 0 0 |a Terjemahan Madarij As-Salikin :   |b tangga-tangga orang yang berjalan menuju kepada Allah   |c Abu Bakar bin Ayub bin Qayyim al-Jauziyah ; tahkik Abdullah Abdus Sami' Al-Minsyawi ; terjemahan Arifin Ladari 
260 |a Selangor :   |b Berlian Publications ,   |c 2008 
300 |a xxiv, 869ms. ;   |c 26cm. 
500 |a Mengandungi ayat-ayat dari Quran 
650 0 |a Sufism 
700 0 |a Arifin Ladari 
700 1 |a Al-Minshawi, Abdullah Abdus Sami' 
999 |a 0000020595   |b BOOK   |c Open Shelf   |e Default branch